| 000 | 00786nam a22001577a 4500 | ||
|---|---|---|---|
| 003 | OSt | ||
| 005 | 20150919104055.0 | ||
| 008 | 150919b xxu||||| |||| 00| 0 eng d | ||
| 040 | _cRUA | ||
| 082 | _aAGR HOK 2006 B034 Or.1 | ||
| 100 |
_9846 _aHOK, LYDA. |
||
| 245 | _aComponents of major types of weeds in lowland paddy field in prey veng, kampong cham, kampong thom and siem reap province សមាសភាពនៃរុក្ខជាតិចង្រៃសំខាន់ៗលើដំណាំស្រូវតំបន់ វាលទំនាប់ ក្នុងខេត្តព្រៃវែង កំពង់ចាម កំពង់ធំ និងខេត្តសៀមរាប | ||
| 260 |
_aPhnom Penh _bRUA _c2006 |
||
| 300 |
_a42p. _bill. _c9cm. |
||
| 942 |
_2ddc _cAGR |
||
| 999 |
_c816 _d816 |
||